000
00310nam a22001457a 4500
008
230926b ||||| |||| 00| 0 eng d
020
_a
9781555534392
041
_a
eng
080
_a
618
082
_a
618RAP
100
_a
13
101
_a
GJINEKO
245
_a
SAVING BERNICE
_c
RAPHAEL.J
942
_2
udc
_c
BK
999
_c
60408
_d
60408